| 000 | 00000nam 2200000zi 4500 |
| 001 | 9.894631 |
| 003 | CaOODSP |
| 005 | 20230112131800 |
| 006 | m o d f |
| 007 | cr cn||||||||| |
| 008 | 201214t20202020oncdao o f000 0 fre d |
| 040 | |aCaOODSP|bfre|erda|cCaOODSP |
| 043 | |an-cn--- |
| 086 | 1 |aCR22-42/2020F-PDF |
| 245 | 00|aCRSH SSHRC plan stratégique : |bmomentum : 2020-2022. |
| 246 | 3 |aMomentum 2020-2022 : |bplan stratégique du Conseil de recherches en sciences humaines |
| 246 | 3 |aPlan stratégique du Conseil de recherches en sciences humaines : |bmomentum 2020-2022 |
| 264 | 1|a[Ottawa] : |bConseil de recherches en sciences humaines du Canada = Social Sciences and Humanities Research Council of Canada, |c[2020] |
| 264 | 4|c©2020 |
| 300 | |a1 ressource en ligne (38 pages) : |billustrations, graphiques, photographies |
| 336 | |atexte|btxt|2rdacontent/fre |
| 337 | |ainformatique|bc|2rdamedia/fre |
| 338 | |aressource en ligne|bcr|2rdacarrier/fre |
| 500 | |aPublié aussi en anglais sous le titre : SSHRC CRSH strategic plan : momentum : 2020-2022. |
| 500 | |aTitre de la couverture. |
| 500 | |aPublié aussi en format HTML. |
| 520 | |a« Au cours des cinq dernières années, le CRSH a accru les retombées d'une recherche de calibre mondial en sciences sociales et humaines afin de relever les défis auxquels le Canada fait face à long terme et de proposer de nouvelles opportunités aux Canadiens et aux Canadiennes. La solidité du milieu de recherche apporte des bénéfices aux communautés, à l'économie, au tissu culturel et, de manière générale, à la qualité de vie au pays » -- Introduction, page 4. |
| 610 | 20|aConseil de recherches en sciences humaines du Canada|xPlanification. |
| 710 | 2 |aConseil de recherches en sciences humaines du Canada, |eorganisme de publication. |
| 775 | 08|tSSHRC CRSH strategic plan : |w(CaOODSP)9.894624 |
| 794 | |tCRSH SSHRC plan stratégique : |w(CaOODSP)9.892201 |
| 795 | |tPlan stratégique du CSRH à l'horizon 2020 |w(CaOODSP)9.816382 |
| 856 | 40|qPDF|s24.53 Mo|uhttps://publications.gc.ca/collections/collection_2020/crsh-sshrc/CR22-42-2020-fra.pdf |
| 856 | 4 |qHTML|sS.O.|uhttps://www.sshrc-crsh.gc.ca/about-au_sujet/publications/strategic_plans-plans_strategiques/2020/momentum-fra.aspx |